[Event "Challenge"]
[Site "http://www.queenalice.com/game.php?id=95536"]
[Date "2006.8.13"]
[Round "-"]
[White "l"]
[Black "xmas"]
[Result "1-0"]
[WhiteElo "1525"]
[BlackElo "1293"]

1. e4 d5 2. Nc3 Nf6 3. e5 d4 4. exf6 dxc3 5. dxc3 Qxd1+ 6. Kxd1 exf6 7. Be3 Bf5
8. Nf3 Nc6 9. Bd3 O-O-O 10. Ke2 Bxd3+ 11. cxd3 Ne5 12. d4 Nc4 13. Rab1 Nxe3 14.
fxe3 b6 15. c4 g5 16. b3 g4 17. Nh4 Bh6 18. a4 Rhe8 19. d5 Rxe3+ 20. Kf2 Rg8 21.
Rhf1 g3+ 22. hxg3 Rgxg3 23. Nf5 Rc3 24. Nxg3 Be3+ 25. Ke2 a5 26. Ne4 Bd4 27.
Nxc3 Bxc3 28. Kd3 Be5 29. Ke4 Kd7 30. Kf5 Kd6 31. Rbe1 h5 32. Rh1 Bg3 33. Re3
Bf2 34. Re2 Bd4 35. Rxh5 Bc3 36. Rh7 Bd4 37. Rxf7 c6 38. Re6+ Kc5 39. Rxc6+ Kb4
40. d6 Kxb3 41. d7 Kxa4 42. d8=Q 1-0

[Event "Challenge"]
[Site "http://www.queenalice.com/game.php?id=95830"]
[Date "2006.8.14"]
[Round "-"]
[White "l"]
[Black "PaulB42"]
[Result "1-0"]
[WhiteElo "1591"]
[BlackElo "1553"]

1. e4 e5 2. Nf3 Nf6 3. Nc3 Nc6 4. Bc4 g6 5. d3 Be7 6. Ng5 O-O 7. O-O d6 8. Be3
Ng4 9. d4 exd4 10. Bxd4 Bxg5 11. f3 Be3+ 12. Kh1 Bxd4 13. fxg4 Be5 14. a3 Qg5
15. Nd5 Bxg4 16. Qe1 Qh5 17. g3 Nd4 18. Rc1 1-0

[Event "Challenge"]
[Site "http://www.queenalice.com/game.php?id=96177"]
[Date "2006.8.15"]
[Round "-"]
[White "l"]
[Black "fatharry"]
[Result "0-1"]
[WhiteElo "1578"]
[BlackElo "1688"]

1. e4 e5 2. Nf3 Nc6 3. Bc4 Nf6 4. Nxe5 Nxe5 5. d3 Nxc4 6. dxc4 d6 7. Bg5 Be7 8.
Bxf6 Bxf6 9. c3 O-O 10. O-O c5 11. Nd2 Re8 12. a4 Qa5 13. Nb3 Qa6 14. a5 Rxe4
15. Nd2 Re7 16. Rb1 Be6 17. Qf3 Bxc4 18. Nxc4 Qxc4 19. Rbd1 Rd8 20. h3 Qe2 21.
Qxe2 Rxe2 22. b4 cxb4 23. cxb4 Rb2 24. g4 Rxb4 25. f3 Bd4+ 26. Kg2 Rb2+ 27. Kg3
Bc3 28. h4 Bxa5 29. Ra1 Bb6 30. Rfe1 Bf2+ 31. Kf4 d5 32. Red1 Rb4+ 33. Ke5 f6+
34. Kf5 Kf7 35. h5 g6+ 36. hxg6+ hxg6# 0-1

[Event "Challenge"]
[Site "http://www.queenalice.com/game.php?id=96501"]
[Date "2006.8.17"]
[Round "-"]
[White "l"]
[Black "fernandes_igor"]
[Result "1-0"]
[WhiteElo "1672"]
[BlackElo "1350"]

1. e4 e5 2. Nf3 f6 3. Nc3 d6 4. Bc4 Ne7 5. d3 c6 6. b4 Ng6 7. g4 Bxg4 8. Be3 b5
9. Bb3 Be7 10. h3 Bxf3 11. Qxf3 Na6 12. a3 h6 13. Rg1 Nh4 14. Qh5+ Kd7 15. Qxh4
g5 16. Qg4+ Kc7 17. Qe6 h5 18. Kd2 Re8 19. a4 Bf8 20. Qf7+ Re7 21. Qxh5 Nxb4 22.
axb5 cxb5 23. Nxb5+ Kc6 24. Bc4 a6 25. Na3 Rb7 26. c3 Nxd3 27. Kxd3 Rab8 28.
Bxa6 Rb3 29. Qd1 d5 30. Ke2 Qa5 31. Bd3 Qxc3 32. Nb1 Qb2+ 33. Nd2 d4 34. Rc1+
Kd6 35. Bc2 Rc3 36. Rb1 Qa3 37. Rxb8 dxe3 38. Nb1+ Ke6 39. Nxa3 exf2 40. Kxf2
Bc5+ 41. Ke1 Bxa3 42. Qd5+ Ke7 43. Ba4 Bd6 44. Re8# 1-0

[Event "Challenge"]
[Site "http://www.queenalice.com/game.php?id=96503"]
[Date "2006.8.17"]
[Round "-"]
[White "l"]
[Black "Iwersen"]
[Result "1-0"]
[WhiteElo "1605"]
[BlackElo "1540"]

1. e4 e6 2. d4 Nf6 3. Nc3 Be7 4. e5 Nd5 5. Bd3 c6 6. Nf3 O-O 7. Nxd5 cxd5 8. c4
b6 9. cxd5 Bb7 10. dxe6 dxe6 11. O-O Nd7 12. Be3 a6 13. a3 b5 14. b4 Nb6 15. Rc1
Nd5 16. Qe1 Nxe3 17. Qxe3 Rb8 18. h3 Qe8 19. g3 f6 20. exf6 Rxf6 21. Ng5 Rh6 22.
h4 Bf6 23. Rfe1 1-0

[Event "AUTO-INT-142"]
[Site "http://www.queenalice.com/game.php?id=97761"]
[Date "2006.8.20"]
[Round "1"]
[White "tclout"]
[Black "l"]
[Result "1-0"]
[WhiteElo "1598"]
[BlackElo "1675"]

1. d4 d5 2. Nf3 Nc6 3. Nc3 Bf5 4. e3 Nf6 5. Bb5 a6 6. Bxc6+ bxc6 7. Ne5 Qd6 8.
O-O e6 9. a3 g6 10. b4 Nh5 11. Na4 f6 12. Nd3 e5 13. Nac5 Rb8 14. Nxa6 Ra8 15.
Nac5 exd4 16. Nb7 Qe6 17. exd4 Bxd3 18. cxd3 Rb8 19. Re1 Qxe1+ 20. Qxe1+ Kf7 21.
Nc5 g5 22. Qe6+ Kg6 23. Qxc6 Bxc5 24. bxc5 Nf4 25. g3 Nxd3 26. Bxg5 Kxg5 27.
Qxd5+ f5 28. f4+ Kg4 29. h3+ Kxg3 30. Qxf5 Nxf4 31. Qg4# 1-0

[Event "AUTO-INT-142"]
[Site "http://www.queenalice.com/game.php?id=97762"]
[Date "2006.8.20"]
[Round "1"]
[White "l"]
[Black "tclout"]
[Result "0-1"]
[WhiteElo "1675"]
[BlackElo "1554"]

1. e4 e5 2. Nf3 Nf6 3. Bc4 Nxe4 4. d3 Nd6 5. Ng5 Nxc4 6. dxc4 h6 7. Ne4 d6 8.
Nbc3 Bd7 9. Be3 c6 10. O-O b5 11. cxb5 d5 12. Nxd5 Be6 13. Nb4 Bxb4 14. c3 Be7
15. Qa4 Qc8 16. Rad1 cxb5 17. Qxb5+ Nd7 18. a4 Qc7 19. b4 Bc4 20. Qa5 Qxa5 21.
bxa5 Bxf1 22. Kxf1 Nf6 23. Nxf6+ Bxf6 24. c4 O-O 25. c5 Bd8 26. Ke2 Bxa5 27. Kf3
Rac8 28. Ke4 f6 29. g4 Bb4 30. Rc1 Rfd8 31. c6 Bd2 32. Bxd2 Rxd2 33. Ke3 Rd4 34.
a5 Rxg4 35. f3 Rh4 36. a6 Rxh2 37. Ke4 Ra2 38. Kd5 Kf8 39. c7 Rxa6 40. Rc6 Rxc6
41. Kxc6 Ke8 42. Kd6 h5 43. Kc6 h4 44. Kb7 Kd7 45. f4 exf4 46. Kxa7 Rxc7+ 47.
Kb8 f3 48. Ka8 f2 49. Kb8 f1=Q 50. Ka8 Qa6+ 51. Kb8 Qb7# 0-1

[Event "AUTO-INT-142"]
[Site "http://www.queenalice.com/game.php?id=97779"]
[Date "2006.8.20"]
[Round "1"]
[White "filhoje"]
[Black "l"]
[Result "1-0"]
[WhiteElo "1673"]
[BlackElo "1652"]

1. d4 d5 2. c4 dxc4 3. e4 Nf6 4. Nc3 Nc6 5. e5 Nd5 6. Bxc4 Nxc3 7. bxc3 g5 8.
Bxg5 f6 9. Qh5+ Kd7 10. e6+ Kd6 11. Bf4+ Ne5 12. Bxe5+ Kc6 13. Qf3+ Kb6 14. Rb1+
Ka5 15. Rb5+ Ka4 16. Qd1+ Ka3 17. Qb3# 1-0

[Event "AUTO-INT-142"]
[Site "http://www.queenalice.com/game.php?id=97780"]
[Date "2006.8.20"]
[Round "1"]
[White "l"]
[Black "filhoje"]
[Result "0-1"]
[WhiteElo "1627"]
[BlackElo "1675"]

1. e4 e5 2. Nf3 Nc6 3. Bc4 Nf6 4. d3 d5 5. exd5 Nxd5 6. Nc3 Nf4 7. Ng5 Qf6 8.
Nxf7 Nxg2+ 9. Kf1 Bc5 10. Qe2 Bg4 11. Qd2 Bh3 12. Nxh8 Nh4+ 13. Ke1 Nf3+ 14. Kd1
Nxd2 15. Bxd2 Qf3+ 16. Ne2 Qxh1+ 17. Be1 Bg4 18. c3 O-O-O 19. Nf7 Bxf2 20. Kd2
Be3+ 21. Kxe3 Qf3+ 22. Kd2 Qxe2+ 0-1

[Event "Challenge"]
[Site "http://www.queenalice.com/game.php?id=100555"]
[Date "2006.8.28"]
[Round "-"]
[White "l"]
[Black "rockaudrey"]
[Result "0-1"]
[WhiteElo "1652"]
[BlackElo "1737"]

1. e4 g6 2. d4 Bg7 3. Nf3 d6 4. Bc4 Nf6 5. Be3 O-O 6. Nc3 Nc6 7. d5 Ne5 8. Nxe5
dxe5 9. O-O Bd7 10. f3 a6 11. Bg5 b5 12. Bd3 c5 13. Bxf6 Bxf6 14. f4 c4 15. Be2
exf4 16. Rxf4 Be5 17. Rf3 Qb6+ 18. Kh1 Bg4 19. Rd3 cxd3 20. cxd3 Bxe2 21. Qxe2
Rac8 22. g3 Bxc3 23. bxc3 Rxc3 24. Qd2 Qd4 25. Rb1 Rxd3 26. Qg5 Rd1+ 27. Rxd1
Qxd1+ 28. Kg2 Qe2+ 29. Kh3 Qxe4 30. g4 f5 31. gxf5 Rxf5 32. Qg4 Rf3+ 33. Kh4 Rf4
34. Qxf4 Qxf4+ 35. Kh3 h5 36. d6 Qg4# 0-1

[Event "Challenge"]
[Site "http://www.queenalice.com/game.php?id=101049"]
[Date "2006.8.31"]
[Round "-"]
[White "l"]
[Black "skycaptainblue"]
[Result "0-1"]
[WhiteElo "1684"]
[BlackElo "1824"]

1. e4 c5 2. Nf3 d6 3. Bc4 Nf6 4. e5 dxe5 5. Nxe5 e6 6. c3 Bd6 7. f4 Ne4 8. d3
Qh4+ 9. g3 Nxg3 10. hxg3 Qxh1+ 11. Kd2 Qg2+ 12. Qe2 Qxg3 13. Kc2 O-O 14. Na3
Bxe5 15. fxe5 a6 16. Be3 Rd8 17. Bxc5 Nc6 18. Rg1 Qxe5 19. Qg2 g6 20. Bf2 Bd7
21. d4 Qg7 22. b4 b5 23. Bd3 Ne7 24. Bh4 Bc6 25. Qe2 Rd7 26. Bxe7 Rxe7 27. Be4
Bxe4+ 28. Qxe4 Rc8 29. Kd3 Rec7 30. Nb1 a5 31. bxa5 Ra7 32. d5 exd5 33. Qxd5 Qf6
34. Qxb5 Qd6+ 35. Kc2 Qh2+ 36. Nd2 Qxg1 37. Qb6 Qxb6 38. axb6 Rb7 39. Nc4 Rxc4
40. Kb3 Rc6 41. c4 Rbxb6+ 42. Kc3 h5 43. Kd4 h4 44. Kd5 h3 45. c5 Ra6 46. Kc4 h2
47. a4 h1=Q 48. Kd4 Rxa4+ 49. Ke5 Qh5# 0-1

[Event "AUTO-ADV-242"]
[Site "http://www.queenalice.com/game.php?id=102036"]
[Date "2006.9.3"]
[Round "1"]
[White "plutochess"]
[Black "l"]
[Result "1-0"]
[WhiteElo "1699"]
[BlackElo "1675"]

1. d4 d5 2. c4 dxc4 3. e4 f5 4. e5 Nc6 5. Bxc4 e6 6. Nf3 Nh6 7. O-O g6 8. h3 a6
9. Bg5 Qd7 10. Bf6 Rg8 11. Nc3 b5 12. Bb3 f4 13. Re1 b4 14. Ne4 a5 15. Rc1 a4
16. Nc5 Qf7 17. Ng5 axb3 18. Nxf7 Nxf7 19. Qxb3 Nxd4 20. Qxb4 Nf5 21. Qb5+ c6
22. Qxc6+ Bd7 23. Qxd7# 1-0

[Event "AUTO-ADV-242"]
[Site "http://www.queenalice.com/game.php?id=102037"]
[Date "2006.9.3"]
[Round "1"]
[White "l"]
[Black "plutochess"]
[Result "0-1"]
[WhiteElo "1602"]
[BlackElo "1787"]

1. e4 c6 2. d4 d5 3. e5 Bf5 4. Nf3 e6 5. Bd3 Bg4 6. h3 Bh5 7. Nc3 Nd7 8. g4 Bg6
9. Bxg6 fxg6 10. a3 Qe7 11. Bg5 Qf7 12. b4 Be7 13. Bxe7 Nxe7 14. Ng5 Qg8 15. Qf3
Qf8 16. Qxf8+ Nxf8 17. f3 h6 18. Nge4 dxe4 19. fxe4 O-O-O 20. b5 Rxd4 21. Rf1
Nd7 22. bxc6 bxc6 23. Rf7 Kd8 24. Rxg7 Nxe5 25. Ke2 Ke8 26. Rf1 Rc4 27. Kd2 Rc5
28. Na4 Ra5 0-1

[Event "AUTO-ADV-242"]
[Site "http://www.queenalice.com/game.php?id=102052"]
[Date "2006.9.3"]
[Round "1"]
[White "l"]
[Black "trunksjackson"]
[Result "0-1"]
[WhiteElo "1660"]
[BlackElo "1865"]

1. e4 c5 2. Nf3 d6 3. Nc3 Nf6 4. d4 cxd4 5. Nxd4 a6 6. f4 e6 7. e5 dxe5 8. fxe5
Nd5 9. Nxd5 Qxd5 10. Bf4 Bc5 11. c3 Qe4+ 12. Ne2 Nc6 13. Kd2 O-O 14. Kc1 Nxe5
15. Bxe5 Be3+ 16. Qd2 Bxd2+ 17. Kxd2 Qxe5 18. Re1 Rd8+ 19. Nd4 Qf4+ 20. Kc2 e5
21. Ne2 Bf5+ 22. Kb3 Be6+ 23. c4 Qxc4+ 24. Ka3 Qxa2+ 25. Kb4 a5+ 26. Kb5 Qc4+
27. Kb6 Qc6# 0-1

[Event "AUTO-ADV-242"]
[Site "http://www.queenalice.com/game.php?id=102053"]
[Date "2006.9.3"]
[Round "1"]
[White "trunksjackson"]
[Black "l"]
[Result "1-0"]
[WhiteElo "1856"]
[BlackElo "1684"]

1. e4 e5 2. Nf3 Nc6 3. Bc4 Nh6 4. d4 exd4 5. Nxd4 Bc5 6. Be3 Qe7 7. Nc3 Qd6 8.
Ncb5 Qe5 9. Nf3 Bxe3 10. Nxe5 Nxe5 11. fxe3 Nxc4 12. Nxc7+ Kd8 13. Nxa8 Nxb2 14.
Qd5 Ng4 15. Qb3 Ke7 16. Qxb2 f6 17. Qd4 d6 18. O-O Be6 19. Nc7 Rc8 20. Nxe6 Kxe6
21. Qd5+ Kd7 22. Rfd1 Rc6 23. Rab1 Kc7 24. Qf7+ Kb8 25. Qxb7# 1-0

[Event "AUTO-ADV-242"]
[Site "http://www.queenalice.com/game.php?id=102054"]
[Date "2006.9.3"]
[Round "1"]
[White "l"]
[Black "rodrigoma"]
[Result "0-1"]
[WhiteElo "1613"]
[BlackElo "1739"]

1. e4 e5 2. Nf3 Nc6 3. Bc4 Nf6 4. Ng5 d5 5. exd5 Na5 6. Na3 Nxc4 7. Nxc4 Qxd5 8.
Ne3 Qb5 9. c4 Qc5 10. Qa4+ Bd7 11. Qb3 b6 12. d3 Qb4+ 13. Qxb4 Bxb4+ 14. Bd2
Bxd2+ 15. Kxd2 O-O 16. Rhe1 h6 17. Ne4 Nxe4+ 18. dxe4 Bc6 19. Ng4 f6 20. f3 h5
21. Ne3 Rad8+ 22. Kc3 a5 23. g4 hxg4 24. fxg4 Bxe4 25. Rad1 Bf3 26. Rd3 Rxd3+
27. Kxd3 Rd8+ 28. Kc3 e4 29. Nd5 Rd7 30. h4 Kf7 31. Kd4 c6 32. Rf1 cxd5 33. cxd5
Rc7 34. a4 Ke7 0-1

[Event "AUTO-ADV-242"]
[Site "http://www.queenalice.com/game.php?id=102055"]
[Date "2006.9.3"]
[Round "1"]
[White "rodrigoma"]
[Black "l"]
[Result "1-0"]
[WhiteElo "1727"]
[BlackElo "1639"]

1. e4 e5 2. Nf3 Nc6 3. Bb5 a6 4. Ba4 b5 5. Bb3 Nf6 6. O-O Nxe4 7. d4 exd4 8.
Nxd4 Bc5 9. Nxc6 dxc6 10. Qf3 f5 11. Nc3 Qe7 12. Nxe4 Bd7 13. Nxc5 Qxc5 14. Be3
Qd6 15. Rfe1 Kd8 16. Rad1 Qf6 17. Bd4 Qg6 18. Be5 Kc8 19. Qf4 Ra7 20. Qd4 Rb7
21. Qxd7+ Kb8 22. Bf7 Qh6 23. Re3 Rf8 24. Qe7 Rc8 25. Rh3 Qxh3 26. gxh3 c5 27.
Be6 Rh8 28. Rd8+ Rxd8 29. Qxd8+ Ka7 30. Bd5 Rb8 31. Qxc7+ Rb7 32. Qxb7# 1-0